000 00493nam a22001817a 4500
005 20251127182021.0
008 251125b |||||||| |||| 00| 0 eng d
020 _a978-93-91208-77-6
041 _aeng
082 _a615.1 AHM-P
100 _aAHMAD, DR. RAZI
_98805
245 _aPHARMACOLOGY LOG BOOK- CUM-PRACTICAL MANUAL
250 _aRE-PRINT ED. 2025
260 _aNEW DELHI
_bINNOPVATIVE PUBLICATION PVT.LTD
_c2025
300 _a194;P
650 _aPHARMACY
_xB.PHARMA
942 _cBK
999 _c8984
_d8982